000 00495nam a2200181 a 4500
001 000032732
005 20200930065812.0
008 100222s1924 dr 001 0 spa d
040 _aDO-SdBNP
_bspa
_cBNPHU
082 _axxxx
_bR426l
110 1 _aRepública Dominicana
_9447
240 1 3 _a[Leyes etc.]
245 1 0 _aLey sobre estadística nacional.
250 _aed. oficial
260 _aSanto Domingo :
_bImp. de J. R. Vda García,
_c1924.
300 _a16 p. : ;
_c26 cm.
049 _aBNPD
999 _c32223
_d32223